| 000 | 00563nam a2200169Ia 4500 | ||
|---|---|---|---|
| 003 | GCL | ||
| 008 | 140319s9999 xx 000 0 ara d | ||
| 040 |
_aGCL / _cGCL |
||
| 082 | 0 | 4 |
_a230 _bم ت |
| 100 | 1 | _aمنصور على ناصف | |
| 245 | 1 | 0 |
_aالتاج الجامع للاصول فى احاديث الرسول صلى الله عليه وسلم (ط3) / _cمنصور على ناصف |
| 260 |
_a[S.N] : _bدار احياء التراث العربى ، _c1961 |
||
| 300 | _a388 ص | ||
| 490 | _a | ||
| 650 | 0 | 4 | _aالحديث - احكام |
| 942 |
_2ddc _cBK |
||
| 999 |
_c33729 _d33729 |
||